| 000 | 01358cam a22003131i 4500 | ||
|---|---|---|---|
| 003 | SA-RiAUC | ||
| 005 | 20251007125545.0 | ||
| 008 | 250720s1971 sy g b 00000 ara c | ||
| 040 |
_aSA-JeALM _bara _cSA-RiAUC _erda |
||
| 082 | 0 | 4 |
_a229.41282 _qSA-RiAUC |
| 090 |
_a229.41282 _bح ا ر |
||
| 100 | 1 |
_aالحارث المحاسبي، الحارث بن أسد المحاسبي، _dتوفي 243 هجري _eمؤلف. |
|
| 245 | 1 | 2 |
_aالعقل وفهم القرآن / _cتأليف أبي عبد الله الحارث بن أسد المحاسبي ؛ قدم له وحقق نصوصه حسين القوتلي. |
| 250 | _aالطبعة الأولى. | ||
| 264 | 1 |
_aدمشق ؛ _aبيروت : _bدار الفكر للطباعة والنشر والتوزيع، _c1971 |
|
| 300 |
_a531 صفحة ؛ _c24 سم |
||
| 336 |
_aنص _btxt _2rdacontent _3كتاب |
||
| 337 |
_aبدون وسيط _bn _2rdamedia |
||
| 338 |
_aمجلد _bnc _2rdacarrier |
||
| 504 | _aببليوجرافية : صفحة 507-515. | ||
| 630 | 2 | 7 |
_aالقرآن _xمباحث عامة _2aucut |
| 650 | 7 |
_aالقرآن والفلسفة _2aucsh |
|
| 650 | 7 |
_aالإنسان في القرآن _2aucsh |
|
| 650 | 7 |
_aالقرآن والعقل _2aucsh |
|
| 700 | 1 |
_aالقوتلي، حسين _eمحقق. |
|
| 730 | 2 | 2 | _aالقرآن |
| 942 |
_2ddc _cBOOK _n0 |
||
| 949 |
_aSA-JeALM _d250720 _uosman123 _n1 |
||
| 999 |
_c12462 _d12462 |
||